000 00697nam a2200205Ia 4500
003 OSt
005 20260424122619.0
008 210210b1987 xxu||||| |||| 00| 0 eng d
040 _cAL
041 _aKannada
082 _a914.504K HARR
100 _aHARIDASA BHATTA (Ku Shi).
_dಹರಿದಾಸ ಭಟ್ಟ (ಕು ಶಿ)
_9262590
245 _aRangayana: Italiya Finland Holland pravasa.
_bರಂಗಾಯಣ: ಇಟಾಲಿಯಾ ಫಿನ್‌ಲ್ಯಾಂಡ್ ಹಾಲೆಂಡ್ ಪ್ರವಾಸ.
260 _aMaisuru
_bGita Buk Haus
_c1987
300 _a156
650 _aItally Finland Holland
_9262591
690 _aTravel
_9262592
906 _a040249
942 _2ddc
_cBK
999 _c90085
_d90085